| 000 | 00443nam a2200181Ia 4500 | ||
|---|---|---|---|
| 001 | 23813 | ||
| 005 | 20260414151002.0 | ||
| 008 | 260414t2020||||xx |||||||||||||| ||spa|| | ||
| 041 | _aESP | ||
| 082 |
_a709.857 _bS78 |
||
| 100 |
_aStanfield-Mazzi, Maya _eAUT |
||
| 245 | 0 |
_aLos paños de la pasión de Chachapoyas _b |
|
| 260 | _c2020 | ||
| 300 |
_a112 páginas : _c20 cm. |
||
| 650 | _aABD | ||
| 654 | _aCAU | ||
| 942 |
_cLIB _dJUS _fJUS _2ddc _n |
||
| 999 |
_c23813 _d23813 |
||